|
|
|
|
| LEADER |
01663nam a2200337 a 4500 |
| 001 |
1178821 |
| 008 |
091029s2001 sz ac bs i001 0 eng d |
| 020 |
|
|
|a 9789241562010
|
| 020 |
|
|
|a 9241562013
|
| 040 |
|
|
|a DNLM
|c DNLM
|
| 082 |
0 |
0 |
|a 362.2
|2 21
|
| 245 |
0 |
0 |
|a Mental health :
|b new understanding, new hope.
|
| 260 |
|
|
|a Geneva, Switzerland :
|b World Health Organization,
|c c2001.
|
| 300 |
|
|
|a xviii, 178 p. :
|b ill., port. ;
|c 26 cm.
|
| 490 |
1 |
|
|a World health report,
|x 1022-3311 ;
|v 2001
|
| 504 |
|
|
|a Includes bibliographical references and index.
|
| 541 |
1 |
|
|e 00012931
|
| 650 |
2 |
2 |
|a Mental Health
|
| 650 |
1 |
2 |
|a Mental Disorders
|x epidemiology
|
| 650 |
2 |
2 |
|a Mental Disorders
|x prevention & control
|
| 650 |
2 |
2 |
|a Mental Health Services
|
| 650 |
2 |
2 |
|a World Health
|
| 655 |
|
2 |
|a Statistics
|
| 710 |
2 |
|
|a World Health Organization.
|
| 830 |
|
0 |
|a World health report,
|v 2001.
|
| 852 |
4 |
|
|a Ayesha Abed Library
|j General Shelf.
|
| 999 |
|
|
|c 4954
|d 4954
|
| 952 |
|
|
|0 0
|1 0
|2 ddc
|4 0
|6 362_200000000000000_MEN_2001
|7 0
|9 4776
|a BRACUL
|b BRACUL
|c GEN
|d 2009-10-29
|g 0.00
|l 0
|o 362.2 MEN
|p 3010012931
|r 2009-10-29
|t 1
|w 2009-10-29
|y BK
|x No price found in the accession register.
|
| 952 |
|
|
|0 0
|1 0
|2 ddc
|4 0
|6 362_200000000000000_MEN_2001
|7 0
|9 4777
|a BRACUL
|b BRACUL
|c GEN
|d 2009-10-29
|g 0.00
|l 1
|m 1
|o 362.2 MEN
|p 3010012932
|r 2022-10-15
|s 2022-10-02
|t 2
|w 2009-10-29
|y BK
|x No price found in the accession register.
|
| 952 |
|
|
|0 0
|1 0
|2 ddc
|4 0
|6 362_200000000000000_MEN
|7 0
|9 43354
|a SCL
|b SCL
|c GEN
|d 2005-02-10
|l 0
|o 362.2 MEN
|p 3020005093
|r 2014-07-22
|t 3
|w 2014-07-22
|y BK
|
| 952 |
|
|
|0 0
|1 0
|2 ddc
|4 0
|6 362_200000000000000_MEN
|7 0
|9 43358
|a SCL
|b SCL
|c GEN
|d 2005-02-10
|l 0
|o 362.2 MEN
|p 3020005092
|r 2014-07-23
|t 4
|w 2014-07-23
|y BK
|